• 首页
  • 本馆介绍
  • 公告通知
  • 最新文献
  • 馆藏检索
  • 电子资源
  • 读者导购
  • 参考咨询
  • 我的图书馆
  • 登录
  • 详细信息显示
  • 放入我的书架
  • 预约/预借图书
  • 作者相关作品
  • 分类相关作品
  • 丛书相关作品
  • 出版社相关作品

书目信息

  • 表格格式
  • 工作单格式
  • 卡片格式
题名:
中国经济地理
    
 
作者: 吴传钧 主编
分册:  
出版信息: 北京   科学出版社  1998.3
页数: 482页
开本: 26cm
丛书名: 中国人文地理丛书
单 册:
中图分类: F129.9
科图分类:
主题词: 经济--中国
电子资源:
ISBN: 7-03-006511-5
000 00617nam0 2200217 45
001 0103011439
005 20040426170557.9
010    @a7-03-006511-5@b精装@dCNY70.00
100    @a20010301d1998 km y0chiy0120 ea
101 0  @achi
105    @a z 000yy
200 1  @a中国经济地理@AZhong Guo Jing Ji Di Li@f吴传钧主编@FWu Chuan Jun Zhu Bian
210    @a北京@c科学出版社@d1998.3
215    @a482页@d26cm
225    @a中国人文地理丛书
410    @12001 @a中国人文地理丛书
606 0  @a经济@y中国
690    @aF129.9@v1
701  0 @a吴传钧@4主编
801    @aCN@bTSTC@c20010301
905    @b295203-207@dF129.9@e57@f5
    
    中国经济地理/吴传钧主编.-北京:科学出版社,1998.3
    482页;26cm.-(中国人文地理丛书)
    
    
    ISBN 7-03-006511-5(精装):CNY70.00
    
●
相关链接 在E读中查询图书 在五车中查询图书 在当当中查询图书 在豆瓣中查询图书


正题名:中国经济地理     索取号:F129.9/57         预约/预借

序号 登录号 条形码 馆藏地/架位号 状态 备注
1 0289675   002896753   第一借阅区/ [索取号:F129.9/57] 在馆    
2 0289676   002896762   第一借阅区/ [索取号:F129.9/57] 在馆    
3 0289677   002896771   第一借阅区/ [索取号:F129.9/57] 在馆    
4 0289678   002896780   密集书库-史法系/ [索取号:F129.9/57] 在馆    
5 0289679   002896799   第一借阅区/ [索取号:F129.9/57] 在馆    
6 0289680   002896806   第一借阅区/ [索取号:F129.9/57] 在馆    
7 0289681   002896815   第一样本阅览室/ [索取号:F129.9/57] 在馆    
8 0295203   002952031   第一借阅区/ [索取号:F129.9/57] 在馆    
9 0295204   002952040   第一借阅区/ [索取号:F129.9/57] 在馆    
10 0295205   002952059   第一借阅区/ [索取号:F129.9/57] 在馆    
11 0295206   002952068   第一借阅区/ [索取号:F129.9/57] 在馆    
12 0295207   002952077   第一借阅区/ [索取号:F129.9/57] 在馆    
唐山师范学院图书馆 欢迎您!
大连网信软件有限公司© 版权所有